| 000 | 00864nas a2200253 4500 | ||
|---|---|---|---|
| 001 | BR0801302 | ||
| 003 | BR-BrBNA | ||
| 005 | 20231205111642.0 | ||
| 007 | ta | ||
| 008 | 230509b bl.|||p| |||| 00| 00por d | ||
| 040 |
_aBR-BrBNA _bpor _cBiblioteca Nacional de Agricultura |
||
| 041 | _a(Pt) | ||
| 072 | _aL20 | ||
| 100 | 1 | _aPessanha, A.L.M. | |
| 100 | 1 | _aAraújo, F.G. | |
| 245 | 1 | _aRecrutamento do peixe-rei, Atherinella brasiliensis (Quoy e Gaimard)(Atheriniformes, Atherinopsidae), na margem continental da Baia de Sepetiba, Rio de Janeiro, Brasil | |
| 650 | _aPEIXE-REI | ||
| 650 | _aECOLOGIA ANIMAL | ||
| 650 | _aBAIA DE SEPETIBA | ||
| 650 | _aRIO DE JANEIRO | ||
| 773 | 0 |
_tRevista Brasileira de Zoologia (Brazil) _xISSN 0101-8175 _g(Dec 2001), v. 18(4) p. 1265-1274 _wBR0801302 |
|
| 909 |
_a202311 _bLúcia _c55 _dLúcia Elande |
||
| 942 |
_2AGRIS _n0 _cANA |
||
| 999 |
_c193763 _d193763 |
||